000 01533nam0a2200373 4500
001 RU\NLR\bibl\211328
005 20260405134600.0
010 _a5-900873-23-4
_bВ пер.
_91000
021 _aRU
_b2001-33972
_91616
035 _a(NLR Aleph) 000207535
090 _a1204094
_c1204094
100 _a20011129d2001 |||y0rusy50 ca
101 0 _arus
102 _aRU
105 _ay |||||||||
200 1 _aОбластные химические олимпиады школьников
_eКн. для учащихся
_f[О. В. Сиванова, С.С. Хмелев, И.В. Кузнецова]
210 _aСаратов
_cСигма-плюс
_d2001
215 _a169,[2] с.
_d21
606 0 _aХимия
_xОлимпиады школьные
_92215231
_3RU\NLR\auth\661330514
610 0 _aХимия - Задачи - Решение
610 0 _aХимические олимпиады школьные
675 _a373.167.1:54+54(075.3)
_v3
_zrus
686 _a14.25
_2rugasnti
686 _a24я721
_2rubbk
686 _aГ1я721-42
700 1 _aСиванова
_gОльга Васильевна
_4070
701 1 _aХмелев
_gСергей Сергеевич
_4070
701 1 _4070
_8rus
_7ca
_aКузнецова
_bИ. В.
_cканд. хим. наук, аналитическая химия
_gИрина Владимировна
_3RU\NLR\auth\7755068
_938000
801 0 _aRU
_bRKP
_c20011129
_gPSBO
801 1 _aRU
_bRKP
_c20011129
801 2 _aRU
_bNLR
_c20081024
_grcr
942 _cBOOK
980 _aNB